000 00648nam a2200181Ia 4500
008 100920s9999 xx 000 0 und d
082 _b80218
_a520 न 02
100 _aदेशिंगकर वि. श्री.
245 _aतुमचे आयुष्य किती आहे?.
260 _bमनोरमा प्रकाशन, मुंबई 14.
_c2002
300 _a299
_bसाधी
365 _b100
520 _aशाअ.
630 _aतुमचे आयुष्य किती आहे?.
650 _aशाअ.
730 _aतुमचे आयुष्य किती आहे?.
942 _cBOOK
999 _c721129
_d721126